Study onmedicinal plants and their use in prey kus communinty foresty , kus commune , tramkork district, takoe province, ការសិក្សាពីប្រភេទ និងការប្រើប្រាស់រុក្ខជាតិឱសថស្ថិតនៅក្នុងសហគមន៍ព្រៃឈើគុសស្ថិតនៅក្នុងឃុំគុស ស្រុកត្រំាកក់ ខេត្តតាកែវ (Record no. 3454)

000 -LEADER
fixed length control field 00820nam a22001337a 4500
040 ## - CATALOGING SOURCE
Transcribing agency RUA
082 ## - DEWEY DECIMAL CLASSIFICATION NUMBER
Classification number FOR CHH 2013 B141 Or.1
100 ## - MAIN ENTRY--AUTHOR NAME
Personal name CHHEANG DARA
245 ## - TITLE STATEMENT
Title Study onmedicinal plants and their use in prey kus communinty foresty , kus commune , tramkork district, takoe province, ការសិក្សាពីប្រភេទ និងការប្រើប្រាស់រុក្ខជាតិឱសថស្ថិតនៅក្នុងសហគមន៍ព្រៃឈើគុសស្ថិតនៅក្នុងឃុំគុស ស្រុកត្រំាកក់ ខេត្តតាកែវ
260 ## - PUBLICATION, DISTRIBUTION, ETC. (IMPRINT)
Place of publication Phnom Penh
Name of publisher RUA
Year of publication 2013
300 ## - PHYSICAL DESCRIPTION
Number of Pages ix; 44p.
Other physical details ill.
Dimensions 29cm.
856 ## - ELECTRONIC LOCATION AND ACCESS
Uniform Resource Identifier https://drive.google.com/file/d/1bX4jLQhXZGgfEO51-006NI5yFrUQ-AoV/view?usp=sharing
942 ## - ADDED ENTRY ELEMENTS (KOHA)
Koha item type FOR
952 ## - LOCATION AND ITEM INFORMATION (KOHA)
Withdrawn status [LOCAL, KOHA] 0
952 ## - LOCATION AND ITEM INFORMATION (KOHA)
Withdrawn status [LOCAL, KOHA] 0
952 ## - LOCATION AND ITEM INFORMATION (KOHA)
Withdrawn status [LOCAL, KOHA] 0
952 ## - LOCATION AND ITEM INFORMATION (KOHA)
Withdrawn status [LOCAL, KOHA] 0
952 ## - LOCATION AND ITEM INFORMATION (KOHA)
Withdrawn status [LOCAL, KOHA] 0
952 ## - LOCATION AND ITEM INFORMATION (KOHA)
Withdrawn status [LOCAL, KOHA] 0
952 ## - LOCATION AND ITEM INFORMATION (KOHA)
Withdrawn status [LOCAL, KOHA] 0
952 ## - LOCATION AND ITEM INFORMATION (KOHA)
Withdrawn status [LOCAL, KOHA] 0
Holdings
Permanent Location Date acquired Koha item type Lost status Shelving location Barcode Current Location Full call number
Library Block B2015-11-16FOR B141RUA027465Library Block BFOR CHH 2013 B141 Or.1
Library Block B2015-11-16FOR B141RUA027162Library Block BFOR CHH 2013 B141 Or.2
Library Block B2015-11-16FOR B141RUA027160Library Block BFOR CHH 2013 B141 Or.3
Library Block B2015-11-16FOR B141RUA027088Library Block BFOR CHH 2013 B141 Or.4
Library Block B2015-11-16FOR B141RUA027004Library Block BFOR CHH 2013 B141 Or.5
Library Block B2015-11-16FOR B141RUA027090Library Block BFOR CHH 2013 B141 Or.6
Library Block B2015-11-16FOR B141RUA027006Library Block BFOR CHH 2013 B141 Or.7
Library Block B2015-11-16FOR B141RUA027466Library Block BFOR CHH 2013 B141 Or.8
មជ្ឈមណ្ឌលឯការនៃសាកលវិទ្យាល័យភូមិន្ទកសិកម្មចំការដូង

Powered by Koha